A bibliography of Indology : (Record no. 715)
[ view plain ]
| 000 -LEADER | |
|---|---|
| fixed length control field | 00890nam a2200253 a 4500 |
| 001 - CONTROL NUMBER | |
| control field | 715 |
| 003 - CONTROL NUMBER IDENTIFIER | |
| rucl marc code | BD-RjUL |
| 005 - DATE AND TIME OF LATEST TRANSACTION | |
| control field | 20211208233224.0 |
| 008 - FIXED-LENGTH DATA ELEMENTS--GENERAL INFORMATION | |
| fixed length control field | 131123s1964 ii b f001 0 eng |
| 035 ## - SYSTEM CONTROL NUMBER | |
| System control number | (BD-RjUL) 735 |
| 040 ## - CATALOGING SOURCE | |
| Original cataloging agency | DLC |
| Transcribing agency | DLC |
| Language of cataloging | eng |
| Modifying agency | (BD-RjUL) |
| 041 ## - LANGUAGE CODE | |
| Language code of text/sound track or separate title | eng |
| 082 00 - DEWEY DECIMAL CLASSIFICATION NUMBER | |
| Classification number | 016.954 |
| Edition number | 23 |
| Author mark and year | INB 1964 |
| 110 ## - MAIN ENTRY--CORPORATE NAME | |
| Corporate name or jurisdiction name as entry element | India. |
| Subordinate unit | National Library, Calcutta |
| 9 (RLIN) | 167770 |
| 245 02 - TITLE STATEMENT | |
| Title | A bibliography of Indology : |
| Remainder of title | enumerating basic publications on all aspects of Indian culture / |
| Statement of responsibility, etc. | India. National Library, Calcutta , compiled by S. C. Dasgupta |
| 260 ## - PUBLICATION, DISTRIBUTION, ETC. (IMPRINT) | |
| Place of publication, distribution, etc. | Calcutta : |
| Name of publisher, distributor, etc. | National Library, |
| Date of publication, distribution, etc. | 1964- |
| 300 ## - PHYSICAL DESCRIPTION | |
| Pagination | v. ; |
| Size | 24 cm. |
| 500 ## - GENERAL NOTE | |
| General note | Includes indexes. |
| 505 0# - FORMATTED CONTENTS NOTE | |
| Formatted contents note | Vol. 3, Bengali Language and Literature. Part-I, (Early Period) -- |
| 651 #0 - SUBJECT ADDED ENTRY--GEOGRAPHIC NAME | |
| Geographic name | India |
| General subdivision | Bibliography. |
| 9 (RLIN) | 2135 |
| 700 ## - ADDED ENTRY--PERSONAL NAME | |
| Personal name | Dasgupta, S. C. , comp. |
| 942 ## - ADDED ENTRY ELEMENTS (KOHA) | |
| Source of classification or shelving scheme | Dewey Decimal Classification |
| Koha item type | Reference |
| Lost status | Source of classification or shelving scheme | Damaged status | Not for loan | Collection code | Permanent Location | Current Location | Shelving location | Date acquired | Source of acquisition | Total Checkouts | Full call number | Date last seen | Copy number | Koha item type |
|---|---|---|---|---|---|---|---|---|---|---|---|---|---|---|
| Dewey Decimal Classification | Not For Loan | Reference | Central Library, University of Rajshahi | Central Library, University of Rajshahi | 09/02/1991 | N/A | R 016.954 INB V-3(Pt.-1) 1964 | 23/11/2013 | C-1 | Reference |